|
|
|
|
| LEADER |
00909ncm a22002412a 4500 |
| 001 |
001188803 |
| 003 |
CZ BrMZK |
| 005 |
20130710064645.0 |
| 007 |
qu |
| 008 |
120106s1864 gw |||||||||||||||||zxx d |
| 040 |
|
|
|a BOA001
|b cze
|
| 072 |
|
7 |
|a 787
|x Hudba pro strunné a smyčcové nástroje
|2 Konspekt
|9 9
|
| 100 |
1 |
|
|a Léonard, Hubert,
|d 1819-1890
|7 xx0019878
|4 cmp
|
| 245 |
1 |
0 |
|a Concert-Stück, Op. 26
|h [hudebnina] :
|b (4-me concerto) : oeuvres pour le violon /
|c H. Léonard
|
| 260 |
|
|
|a Mayence :
|b B. Schott's Söhne,
|c [1864?]
|
| 300 |
|
|
|a 1 partitura (19 s.) + 1 hlas (9 s.)
|
| 500 |
|
|
|a Housle a klavír
|
| 500 |
|
|
|a Tisk vtlačenou plotnou, č. 17547
|
| 510 |
4 |
|
|a [Winiker, C. Haupt-Katalog der Musikalien-Leih-Anstalt,
|c 37 277]
|
| 910 |
|
|
|a BOA001
|b Mus4-0325.034
|
| 990 |
|
|
|a MU
|
| 991 |
|
|
|b 201201
|
| 996 |
6 |
|
|b 2619578226
|c Mus4-0325.034
|l MZK
|r Sklad / do 1 hodiny
|n 0
|p W
|w 001222161
|u 000010
|a 1
|e BOA001
|j MZK50
|s P
|